00551 2200217 4500001002100000005001500021035002000036007000300056008004100059020002200100082001200122084001800134100001900152245004300171250001000214260003200224300004100256600001900297856000600316990001100322INLIS00000000000246620220426090455 a0010-0422002040ta220426 g 1 ind  a978-979-794-626-5 a297.51. a297.51. FAJ i0 aFajar Sulaiman1 aIkhlas Paling Serius /cFajar Sulaiman acet.1 aJAKARTA :bMediakita,c2021 a168 hlm. :bilus. ;c14 x 20,5 cme- 4aFajar Sulaiman a- a221460